Computer security and penetration testing (Record no. 312641)
[ view plain ]
| 000 -LEADER | |
|---|---|
| fixed length control field | 00553 a2200217 4500 |
| 005 - DATE & TIME | |
| control field | 20240311111054.0 |
| 008 - FIXED-LENGTH DATA ELEMENTS--GENERAL INFORMATION | |
| fixed length control field | 240304b |||||||| |||| 00| 0 eng d |
| 020 ## - ISBN | |
| International Standard Book Number | 9788131533444 |
| Price | Rs. 399.00 |
| 040 ## - CATALOGING SOURCE | |
| Original cataloging agency | VIVEKANANDA LIBRARY |
| 082 ## - DDC NUMBER | |
| Classification number | 005.8 |
| Book Number | B295C(2) |
| 100 ## - MAIN ENTRY--PERSONAL NAME | |
| Personal name | Basta, Alfred |
| 245 ## - TITLE STATEMENT | |
| Title | Computer security and penetration testing |
| 250 ## - EDITION STATEMENT | |
| Edition statement | 2nd |
| 260 ## - PUBLICATION, DISTRIBUTION, ETC. (IMPRINT) | |
| Name of publisher, distributor, etc | Cengage Learning |
| Place of publication, distribution, etc | Delhi |
| Date of publication, distribution, etc | 2023 |
| 300 ## - PHYSICAL DESCRIPTION | |
| Pages | xix, 376 |
| 650 ## - Subject | |
| Subject | Computer Science |
| 650 ## - Subject | |
| Subject | Data Security |
| 700 ## - Added Entry Personal Name | |
| Added Entry Personal Name | Basta, Nadine |
| 700 ## - Added Entry Personal Name | |
| Added Entry Personal Name | Brown, Mary |
| 942 ## - ADDED ENTRY ELEMENTS (KOHA) | |
| Koha item type | Books |
| Withdrawn status | Lost status | Source of classification or shelving scheme | Damaged status | Not for loan | Location (home branch) | Sublocation or collection (holding branch) | Shelving location | Date acquired | Koha issues (times borrowed) | Koha full call number | Accession No. | Koha date last seen | Koha item type |
|---|---|---|---|---|---|---|---|---|---|---|---|---|---|
| Dewey Decimal Classification | VIVEKANANDA LIBRARY | VIVEKANANDA LIBRARY | UIET Library | 28/02/2024 | 005.8 B295C(2) | 430419 | 28/02/2024 | Books | |||||
| Dewey Decimal Classification | VIVEKANANDA LIBRARY | VIVEKANANDA LIBRARY | UIET Library | 28/02/2024 | 005.8 B295C(2) | 430423 | 28/02/2024 | Books | |||||
| Dewey Decimal Classification | VIVEKANANDA LIBRARY | VIVEKANANDA LIBRARY | UIET Library | 28/02/2024 | 1 | 005.8 B295C(2) | 430421 | 18/02/2025 | Books | ||||
| Dewey Decimal Classification | VIVEKANANDA LIBRARY | VIVEKANANDA LIBRARY | UIET Library | 28/02/2024 | 005.8 B295C(2) | 430420 | 28/02/2024 | Books | |||||
| Dewey Decimal Classification | VIVEKANANDA LIBRARY | VIVEKANANDA LIBRARY | UIET Library | 28/02/2024 | 005.8 B295C(2) | 430422 | 28/02/2024 | Books |
